קיֽצֶר הַמִּקְרָאֽ ׃ Epitome Bibliorvm Continens Insigniora Veteris ac Noui Testamenti dicta Hebraicè Chaldaicè Syriacè Graecè Latinè, & Germanicè

Bibliographic Details
Main Author: Schindler, Valentin, 1543-1604 (Author, Dedicator)
Corporate Author: Krafft, Johann - dedičia (Wittenberg, Nemecko) (Printer)
Other Authors: Krafft, Johann, dedičia, 16. storočie (Printer)
Format: Book
Language:Latin
German
Greek, Modern (1453- )
Hebrew
Aramaic
Syriac, Modern
PhysicalDescription:108 nečíslovanýchlistov 8° 17 cm
Subjects:

MARC

LEADER 00000nam a2200000 4500
001 vtls008859050
003 SK-MaSNL
005 20260526092031.0
008 251112s1578 gw i f 010 0 lat
015 |a SNBHFA 
035 |a cpl000119819 
040 |a SNKHF  |b slo  |c SNK  |e rda 
041 0 |a lat  |a ger  |a gre  |a heb  |a arc  |a syr 
044 |a gw  |c DE 
072 7 |a 81  |x Lingvistika. Jazyky  |2 konspekt 
080 |a 81  |2 2011 
080 |a 27‑23  |2 2011 
080 |a 811  |2 2011 
080 |a 811.411.16  |2 2011 
080 |a =411.17  |2 2011 
080 |a =411.172.3  |2 2011 
100 1 |a Schindler, Valentin,  |d 1543-1604  |4 aut  |4 dto  |9 165355 
245 1 0 |a קיֽצֶר הַמִּקְרָאֽ ׃ Epitome Bibliorvm  |b Continens Insigniora Veteris ac Noui Testamenti dicta Hebraicè Chaldaicè Syriacè Graecè Latinè, & Germanicè  |c In vsum Scholarum collecta: & Notis, quibus translationum diuersitas ac ratio monstratur, illustrata A M. Valentino Schindelero Oederensi 
246 3 0 |a Epitome Bibliorum 
264 3 |a Vitebergae  |b haeredes Ioannis Cratonis excudebant  |c MDLXXVIII (1578) 
300 |a 108 nečíslovanýchlistov  |c 8°  |c 17 cm 
336 |a text  |b txt  |2 rdacontent 
336 |a statický obraz  |b sti  |2 rdacontent 
337 |a bez média  |b n  |2 rdamedia 
338 |a zväzok  |b nc  |2 rdacarrier 
500 |a Iniciálky s ornamentálnym pozadím na 4 riadkov, drevorezový erb 
501 |a Príväzok 1.: MERCIER, Jean. Tabvlae in Grammaticen Linguae Chaldaea, quae et Syriaca dicitur. VVitebergae: Haeredes Iohannis Cratonis. 1579.  |5 SNK ID 59998/prív.1 
504 |a Marginálie, kustody 
508 |a Dedikácia: Christian I. - saský kurfirst 
510 4 |a VD 16  |c S/2915 
546 |a Latinčina  |b Antikva  |b Kurzíva 
546 |a Gréčtina  |b Antikva 
546 |a Nemčina  |b Fraktúra 
546 |a Hebrejčina  |b Fraktúra 
546 |a Sýrština  |b Fraktúra 
546 |a Chaldejčina  |b Fraktúra 
562 |a Rukopisný exlibris: Johannis Petrocii Anno 1696 Emptus hic liber α 1 ϑι 80.  |5 SNK ID 59998 
563 |a Väzba: sivo-biele plátno na papierovom kartóne s hnedým koženým chrbtom, reštaurovaná.  |5 SNK ID 59998 
630 0 7 |a Biblia  |2 SNKPHunif  |9 17043 
650 0 7 |a lingvistika  |2 SNKPH  |9 860 
650 0 7 |a príklady  |2 SNKPH  |9 30624 
650 0 7 |a gréčtina  |2 SNKPH  |9 67753 
650 0 7 |a hebrejčina  |2 SNKPH  |9 1387 
650 0 7 |a nemčina  |2 SNKPH  |9 1384 
650 0 7 |a sýrčina  |2 SNKPH  |9 49292 
650 0 7 |a chaldejčina  |2 SNKPH  |9 431060 
700 1 |a Krafft, Johann,  |c dedičia,  |d 16. storočie  |4 prt  |9 183531 
700 1 |a Petrocius, Johannes  |4 fmo  |9 766348 
700 0 |a Christian  |b I.,  |c saský kurfirst,  |d 1560-1591  |4 hnr  |9 128384 
710 0 |a Krafft, Johann - dedičia (Wittenberg, Nemecko),  |d 1578-1590  |4 prt  |9 180318 
752 |a Nemecko  |d Wittenberg 
852 |a snk  |p ID 59998 
958 |a DA 
958 |a ONDV 
999 |c 1213178  |d 1215108 
952 |t Tlače 16. storočia  |a SNK  |b SNK  |c SNK_HF  |y PREZ  |7 0  |p 17A1358816  |o snkID 59998  |i snkF 459/73  |z Kniha má jeden príväzok.  |0 0  |1 0  |4 0  |d 2021-05-24  |f 1  |l 0  |r 2026-02-24 23:19:11  |w 2026-02-24